| 000 | 00975 a2200241 4500 | ||
|---|---|---|---|
| 003 | NUST | ||
| 005 | 20221031170242.0 | ||
| 010 | _a 2005271511 | ||
| 020 | _a0971696225 (pbk.) | ||
| 035 | _a(OCoLC)ocm51932756 | ||
| 040 | _cNust | ||
| 082 | _a510,DEN | ||
| 100 | 1 |
_aDenholm,Richard A _9102063 |
|
| 245 | 1 | 4 |
_aMathematics structure & Skills (second book) / _cRichard A Denholm |
| 260 |
_a Calfornia _b state Series, _c 1970 |
||
| 300 |
_avii, 471 p. : _bill. ; _c23 cm. |
||
| 505 | _aNumeration Systems (Page-1), Number Ideas and Patterns (Page-55), Numbers of Arithmetic (Page-115), Geometry (Page-177), Introduction to Integers (Page-227), Number Phrases and Sentences (Page-275), Congruence (Page-321), Rate Ratio and Percents (Page-371), Extending Number Systems (Page-417). | ||
| 650 | 0 | _a Mathematics | |
| 650 | 0 |
_aPolicy sciences _xMethodology. _9102064 |
|
| 650 | 0 |
_aSystem analysis. _92233 |
|
| 700 | 1 |
_aWarfield, John N. _9102065 |
|
| 942 |
_2ddc _cBK _k510,DEN |
||
| 999 |
_c181389 _d181389 |
||